CRIMINOLOGY (Record no. 16947)

MARC details
000 -LEADER
fixed length control field 00346nam a22001577a 4500
003 - CONTROL NUMBER IDENTIFIER
control field SGT
020 ## - INTERNATIONAL STANDARD BOOK NUMBER
International Standard Book Number 978-81-7033-609-9
082 ## - DEWEY DECIMAL CLASSIFICATION NUMBER
Classification number 342
Item number C15A
100 ## - MAIN ENTRY--PERSONAL NAME
Personal name AHUJA, RAM
245 ## - TITLE STATEMENT
Title CRIMINOLOGY
250 ## - EDITION STATEMENT
Edition statement 1ST
260 ## - PUBLICATION, DISTRIBUTION, ETC. (IMPRINT)
Place of publication, distribution, etc JAIPUR, INDIA
Name of publisher, distributor, etc RAWAT PUBLICATION
Year of Publication 2015
300 ## - PAGE DESCRIPTION
No. of Pages 411
650 ## - SUBJECT ADDED ENTRY--TOPICAL TERM
Topical term or geographic name as entry element FORENSIC MEDICINE
942 ## - ADDED ENTRY ELEMENTS (KOHA)
Source of classification or shelving scheme Dewey Decimal Classification
Koha item type Books
942 ## - ADDED ENTRY ELEMENTS (KOHA)
-- 1
Holdings
Withdrawn status Lost status Source of classification or shelving scheme Damaged status Not for loan Collection code Home library Current library Shelving location Date acquired Vendor Name Cost, normal purchase price SGTU Bill Number Total Checkouts Full call number Accession No. (Barcode) Date last seen Bill Date Koha item type Date last borrowed
    Dewey Decimal Classification     MEDICAL SGT Medical Library SGT Medical Library Text Book 20/02/2019 ABC DELHI 950.00 SGTU 10277   342 C15A FM11067 20/02/2019   Books  
    Dewey Decimal Classification     MEDICAL SGT Medical Library SGT Medical Library Text Book 20/02/2019 ABC DELHI 950.00 SGTU 10277   342 C15A FM11068 20/02/2019   Books  
    Dewey Decimal Classification     MEDICAL SGT Medical Library SGT Medical Library Text Book 20/02/2019 ABC DELHI 950.00 SGTU 10277 2 342 C15A FM11069 03/04/2025   Books 01/04/2025